[Event "Bundesliga 9697"]
[Site "Deutschland"]
[Date "1996.??.??"]
[Round "?.4"]
[White "Uhlmann, Wolfgang"]
[Black "Mann, Christian"]
[Result "0-1"]
[WhiteElo "2460"]
[BlackElo "2440"]
[PlyCount "62"]
[EventDate "1996.10.??"]
[EventType "team"]
[EventRounds "15"]
[EventCountry "GER"]
[SourceTitle "Bundesliga 9697"]
[Source "DeepChess"]
[SourceDate "2005.01.01"]
[SourceVersion "1"]
[SourceVersionDate "2005.01.01"]
[SourceQuality "1"]
[WhiteTeam "Dresdner SC 1898"]
[BlackTeam "SC Eppingen e.V."]
[WhiteTeamCountry "GER"]
[BlackTeamCountry "GER"]

1. c4 g6 2. e4 Bg7 3. d4 c5 4. dxc5 Na6 5. Nc3 Nxc5 6. Bd2 d6 7. b4 Ne6 8. Nf3
Nh6 9. Bd3 O-O 10. O-O f5 11. exf5 Nxf5 12. Rc1 Ned4 13. Nxd4 Bxd4 14. Bg5 Bf6
15. Bxf6 Rxf6 16. Re1 Bd7 17. Be4 Rb8 18. Bxb7 e6 19. Be4 Rxb4 20. Bxf5 Rxf5
21. Ne4 Bc6 22. Nxd6 Rg5 23. g3 Rb2 24. Qd4 Rxa2 25. Rxe6 Qf8 26. Rce1 Rg4 27.
Qe3 Rg5 28. h4 Rga5 29. Qd4 R5a3 30. Ne4 Bxe4 31. R6xe4 Rd3 0-1

[Event "Bundesliga 9697"]
[Site "Deutschland"]
[Date "1996.??.??"]
[Round "?.5"]
[White "Donev, Ivo Hristov"]
[Black "Maiwald, Jens Uwe"]
[Result "0-1"]
[WhiteElo "2400"]
[BlackElo "2490"]
[PlyCount "112"]
[EventDate "1996.10.??"]
[EventType "team"]
[EventRounds "15"]
[EventCountry "GER"]
[SourceTitle "Bundesliga 9697"]
[Source "DeepChess"]
[SourceDate "2005.01.01"]
[SourceVersion "1"]
[SourceVersionDate "2005.01.01"]
[SourceQuality "1"]
[WhiteTeam "SC Eppingen e.V."]
[BlackTeam "Dresdner SC 1898"]
[WhiteTeamCountry "GER"]
[BlackTeamCountry "GER"]

1. e4 c5 2. Nc3 Nc6 3. g3 g6 4. Bg2 Bg7 5. d3 e6 6. Be3 d6 7. f4 Nge7 8. Nf3
O-O 9. O-O b6 10. Qd2 Bb7 11. Rae1 d5 12. exd5 exd5 13. Bf2 d4 14. Ne4 h6 15.
g4 f5 16. gxf5 Nxf5 17. Ng3 Nce7 18. Nxf5 Nxf5 19. Re6 Kh7 20. Rfe1 Bd5 21.
R6e2 Qd6 22. c4 dxc3 23. bxc3 Rad8 24. Rd1 Rfe8 25. Rxe8 Rxe8 26. d4 cxd4 27.
cxd4 Rd8 28. Ne5 Bxg2 29. Kxg2 Qd5+ 30. Kg1 Rc8 31. Qe2 Rd8 32. Qg4 Rd6 33. Qe2
b5 34. Qc2 Bxe5 35. fxe5 Rc6 36. Qb3 Rc4 37. Qa3 h5 38. Qxa7+ Kh6 39. Qa3 Rc2
40. Re1 Rxa2 41. Qf8+ Kh7 42. Rc1 Ng7 43. Qf4 b4 44. Qg5 b3 45. Be3 Qd7 46. e6
Qxe6 47. Rc7 Qg4+ 48. Qxg4 hxg4 49. Bc1 b2 50. Bxb2 Rxb2 51. d5 Rd2 52. Rc4
Rxd5 53. Rxg4 Rd2 54. Rh4+ Nh5 55. Ra4 Kh6 56. Ra5 Nf4 0-1

[Event "Bundesliga 9697"]
[Site "Deutschland"]
[Date "1996.??.??"]
[Round "?.6"]
[White "Borriss, Martin"]
[Black "Schneider, Bernd2"]
[Result "1/2-1/2"]
[WhiteElo "2425"]
[BlackElo "2245"]
[PlyCount "84"]
[EventDate "1996.10.??"]
[EventType "team"]
[EventRounds "15"]
[EventCountry "GER"]
[SourceTitle "Bundesliga 9697"]
[Source "DeepChess"]
[SourceDate "2005.01.01"]
[SourceVersion "1"]
[SourceVersionDate "2005.01.01"]
[SourceQuality "1"]
[WhiteTeam "Dresdner SC 1898"]
[BlackTeam "SC Eppingen e.V."]
[WhiteTeamCountry "GER"]
[BlackTeamCountry "GER"]

1. e4 c5 2. Nf3 e6 3. d4 cxd4 4. Nxd4 a6 5. Bd3 Nf6 6. O-O Qc7 7. Nc3 Bc5 8.
Be3 h5 9. h3 d6 10. Qe2 b5 11. f4 Bb7 12. a3 Nbd7 13. Rad1 Kf8 14. Nf3 Kg8 15.
Bxc5 Nxc5 16. e5 Nd5 17. Nxd5 Bxd5 18. Ng5 Rf8 19. c4 bxc4 20. Bxc4 Bxc4 21.
Qxc4 d5 22. Qd4 Nb3 23. Qd3 Qb6+ 24. Kh2 g6 25. Nxe6 Qxe6 26. Qxb3 Rd8 27. Qg3
h4 28. Qg5 Rb8 29. b4 Rh5 30. Qg4 Rb5 31. Rd4 a5 32. Qe2 Qd7 33. Rfd1 axb4 34.
axb4 Qc6 35. Qf3 Kg7 36. Qb3 Rf5 37. R1d2 g5 38. Qe3 Qe6 39. Qd3 Rb6 40. b5
gxf4 41. Rxd5 Qg6 42. Kh1 Qg3 1/2-1/2

[Event "Bundesliga 9697"]
[Site "Deutschland"]
[Date "1996.??.??"]
[Round "?.7"]
[White "Bosbach, Gerhard"]
[Black "Goldberg, Alexander"]
[Result "0-1"]
[WhiteElo "2265"]
[BlackElo "2390"]
[PlyCount "80"]
[EventDate "1996.10.??"]
[EventType "team"]
[EventRounds "15"]
[EventCountry "GER"]
[SourceTitle "Bundesliga 9697"]
[Source "DeepChess"]
[SourceDate "2005.01.01"]
[SourceVersion "1"]
[SourceVersionDate "2005.01.01"]
[SourceQuality "1"]
[WhiteTeam "SC Eppingen e.V."]
[BlackTeam "Dresdner SC 1898"]
[WhiteTeamCountry "GER"]
[BlackTeamCountry "GER"]

1. d4 Nf6 2. c4 e6 3. Nc3 Bb4 4. e3 Nc6 5. Nge2 Ne4 6. Qc2 d5 7. a3 Nxc3 8.
Nxc3 Bxc3+ 9. Qxc3 O-O 10. Be2 e5 11. dxe5 d4 12. exd4 Nxd4 13. Be3 Nxe2 14.
Kxe2 Qh4 15. h3 Be6 16. b3 f6 17. exf6 Rxf6 18. Kf1 Raf8 19. Qd2 Rg6 20. Qd4
Qg3 21. Qe4 Qd6 22. Kg1 Bf5 23. Qxb7 c6 24. Rh2 Be4 25. Qb4 Qxh2+ 26. Kxh2
Rxg2+ 27. Kh1 Rgxf2+ 28. Kg1 Rg2+ 29. Kh1 Ra2+ 30. Kg1 Rxa1+ 31. Kh2 Rh1+ 32.
Kg3 Rf3+ 33. Kg4 h5+ 34. Kg5 Rxe3 35. Qb8+ Kh7 36. Qxa7 Rhxh3 37. Qc5 Bg6 38.
a4 Rhg3+ 39. Kf4 Rgf3+ 40. Kg5 Rf5+ 0-1

[Event "Bundesliga 9697"]
[Site "Deutschland"]
[Date "1997.??.??"]
[Round "?.2"]
[White "Teske, Henrik"]
[Black "Jussupow, Artur"]
[Result "1/2-1/2"]
[WhiteElo "2500"]
[BlackElo "2665"]
[PlyCount "166"]
[EventDate "1996.10.??"]
[EventType "team"]
[EventRounds "15"]
[EventCountry "GER"]
[SourceTitle "Bundesliga 9697"]
[Source "DeepChess"]
[SourceDate "2005.01.01"]
[SourceVersion "1"]
[SourceVersionDate "2005.01.01"]
[SourceQuality "1"]
[WhiteTeam "Dresdner SC 1898"]
[BlackTeam "SG 1868 Aljech. Solingen"]
[WhiteTeamCountry "GER"]
[BlackTeamCountry "GER"]

1. Nf3 Nf6 2. e3 g6 3. b4 Bg7 4. Bb2 b6 5. c4 c5 6. a3 O-O 7. Nc3 Nc6 8. Qa4
Bb7 9. Be2 d6 10. O-O e5 11. d3 Re8 12. Rad1 a6 13. Qb3 Qc7 14. Nd2 Ne7 15. Bf3
Bxf3 16. Nxf3 h6 17. Nd2 Nd7 18. Rfe1 Nf8 19. Rb1 Reb8 20. a4 Ne6 21. Nd5 Qd8
22. Nxe7+ Qxe7 23. Ne4 cxb4 24. Qxb4 Nc5 25. Red1 Nxe4 26. dxe4 Bf8 27. Ba3 Qh4
28. a5 b5 29. cxb5 Rxb5 30. Qa4 Rab8 31. Rxb5 Rxb5 32. g3 Qg4 33. Rd2 Qf3 34.
Rb2 Rxb2 35. Bxb2 Qe2 36. Ba3 Qd3 37. Kg2 h5 38. h3 Kg7 39. Qb4 Be7 40. Bb2 Bd8
41. Bc3 h4 42. g4 Bg5 43. Be1 d5 44. Bc3 Qxe4+ 45. Qxe4 dxe4 46. Bxe5+ Kf8 47.
f3 f5 48. gxf5 gxf5 49. Kf2 Bd8 50. Bc3 Ke7 51. Ke2 Kd6 52. fxe4 fxe4 53. Kd2
Kc5 54. Kc2 Kc4 55. Be1 Be7 56. Bc3 Bd8 57. Be1 Bf6 58. Bd2 Bg5 59. Be1 Bxe3
60. Bxh4 Bf4 61. Bd8 e3 62. Bb6 e2 63. Bf2 Be3 64. Be1 Kd4 65. h4 Bh6 66. h5
Bf4 67. Bh4 Ke3 68. Be1 Kf3 69. Kd3 Bg5 70. Kd4 Kg2 71. Kd5 Kf1 72. Bb4 Be7 73.
Bd2 Bg5 74. Bb4 Be7 75. Bd2 Bh4 76. Kc6 Be1 77. Bxe1 Kxe1 78. h6 Kd1 79. h7
e1=Q 80. h8=Q Qxa5 81. Qd4+ Kc2 82. Qc5+ Qxc5+ 83. Kxc5 Kb3 1/2-1/2

[Event "Bundesliga 9697"]
[Site "Deutschland"]
[Date "1997.??.??"]
[Round "?.4"]
[White "Uhlmann, Wolfgang"]
[Black "Gabriel, Christian"]
[Result "1/2-1/2"]
[WhiteElo "2480"]
[BlackElo "2570"]
[PlyCount "44"]
[EventDate "1996.10.??"]
[EventType "team"]
[EventRounds "15"]
[EventCountry "GER"]
[SourceTitle "Bundesliga 9697"]
[Source "DeepChess"]
[SourceDate "2005.01.01"]
[SourceVersion "1"]
[SourceVersionDate "2005.01.01"]
[SourceQuality "1"]
[WhiteTeam "Dresdner SC 1898"]
[BlackTeam "SG 1868 Aljech. Solingen"]
[WhiteTeamCountry "GER"]
[BlackTeamCountry "GER"]

1. c4 e6 2. Nc3 d5 3. d4 Nf6 4. cxd5 exd5 5. Bg5 Be7 6. e3 O-O 7. Bd3 Nbd7 8.
Nf3 c6 9. Qc2 Re8 10. O-O Nf8 11. Bxf6 Bxf6 12. b4 Bg4 13. Nd2 Rc8 14. Rfc1 Bh5
15. Nb3 Be7 16. b5 Ba3 17. bxc6 bxc6 18. Re1 Bd6 19. e4 dxe4 20. Nxe4 Bg6 21.
Nxd6 Qxd6 22. Bxg6 hxg6 1/2-1/2

[Event "Bundesliga 9697"]
[Site "Deutschland"]
[Date "1997.??.??"]
[Round "?.5"]
[White "Chandler, Murray G"]
[Black "Borriss, Martin"]
[Result "1/2-1/2"]
[WhiteElo "2555"]
[BlackElo "2440"]
[PlyCount "55"]
[EventDate "1996.10.??"]
[EventType "team"]
[EventRounds "15"]
[EventCountry "GER"]
[SourceTitle "Bundesliga 9697"]
[Source "DeepChess"]
[SourceDate "2005.01.01"]
[SourceVersion "1"]
[SourceVersionDate "2005.01.01"]
[SourceQuality "1"]
[WhiteTeam "SG 1868 Aljech. Solingen"]
[BlackTeam "Dresdner SC 1898"]
[WhiteTeamCountry "GER"]
[BlackTeamCountry "GER"]

1. e4 c5 2. Nf3 d6 3. d4 cxd4 4. Qxd4 Nc6 5. Bb5 Bd7 6. Bxc6 Bxc6 7. c4 f5 8.
Nc3 e5 9. Qe3 fxe4 10. Ng5 Nf6 11. O-O Qd7 12. b4 b6 13. Ngxe4 Nxe4 14. Nxe4
Be7 15. b5 Bb7 16. Ba3 O-O 17. Rad1 Rad8 18. Nxd6 Bxd6 19. Rxd6 Qg4 20. f3 Qxc4
21. Qxe5 Rde8 22. Qd4 Qxd4+ 23. Rxd4 Rf7 24. Rfd1 h6 25. Rd8 Rxd8 26. Rxd8+ Kh7
27. Bd6 Bd5 28. a3 1/2-1/2

[Event "Bundesliga 9697"]
[Site "Deutschland"]
[Date "1997.??.??"]
[Round "?.7"]
[White "Lau, Ralf"]
[Black "Jordan, Dirk"]
[Result "1-0"]
[WhiteElo "2500"]
[BlackElo "2191"]
[PlyCount "77"]
[EventDate "1996.10.??"]
[EventType "team"]
[EventRounds "15"]
[EventCountry "GER"]
[SourceTitle "Bundesliga 9697"]
[Source "DeepChess"]
[SourceDate "2005.01.01"]
[SourceVersion "1"]
[SourceVersionDate "2005.01.01"]
[SourceQuality "1"]
[WhiteTeam "SG 1868 Aljech. Solingen"]
[BlackTeam "Dresdner SC 1898"]
[WhiteTeamCountry "GER"]
[BlackTeamCountry "GER"]

1. e4 c6 2. d4 d5 3. e5 Bf5 4. Nf3 e6 5. Be2 Nd7 6. O-O h6 7. b3 Ne7 8. c4 Ng6
9. Be3 Be7 10. Nbd2 O-O 11. h3 Nh8 12. a3 Bh7 13. Re1 Qc7 14. b4 dxc4 15. Nxc4
Nb6 16. Na5 Nd5 17. Bd2 a6 18. Rc1 Rfd8 19. Qb3 Ng6 20. g3 Nf8 21. Bf1 Ng6 22.
Bg2 Bf8 23. Kh2 Rd7 24. Ng1 Qb6 25. Ne2 Qd8 26. Rcd1 Nge7 27. Bc1 Nf5 28. Bb2
Qb6 29. Nc4 Qc7 30. Ng1 Rad8 31. Nf3 Be7 32. Rc1 Ra8 33. Red1 Qd8 34. Kg1 Bf8
35. Na5 Rc8 36. Nd2 c5 37. dxc5 Nde3 38. Nxb7 Rd3 39. Nxd8 1-0

[Event "Bundesliga 9697"]
[Site "Deutschland"]
[Date "1997.??.??"]
[Round "?.8"]
[White "Schneider, Henning"]
[Black "Norwood, David"]
[Result "0-1"]
[WhiteElo "2215"]
[BlackElo "2520"]
[PlyCount "78"]
[EventDate "1996.10.??"]
[EventType "team"]
[EventRounds "15"]
[EventCountry "GER"]
[SourceTitle "Bundesliga 9697"]
[Source "DeepChess"]
[SourceDate "2005.01.01"]
[SourceVersion "1"]
[SourceVersionDate "2005.01.01"]
[SourceQuality "1"]
[WhiteTeam "Dresdner SC 1898"]
[BlackTeam "SG 1868 Aljech. Solingen"]
[WhiteTeamCountry "GER"]
[BlackTeamCountry "GER"]

1. e4 g6 2. d4 Bg7 3. Nc3 c6 4. f4 Qb6 5. Nf3 d5 6. e5 Bg4 7. Be2 e6 8. Na4
Qa5+ 9. c3 Nd7 10. b4 Qc7 11. O-O Ne7 12. h3 Bxf3 13. Rxf3 O-O 14. Be3 b6 15.
Qc2 f6 16. exf6 Nxf6 17. Nb2 Nf5 18. Nd3 Ne4 19. Bf2 a5 20. g4 Nxf2 21. Rxf2
Nxd4 22. cxd4 Bxd4 23. Raf1 axb4 24. Kg2 Bxf2 25. Rxf2 c5 26. Ne5 Rxf4 27. Rxf4
Qxe5 28. Rf3 c4 29. Bf1 Qe4 30. Qxe4 dxe4 31. Rf2 b5 32. Kg3 g5 33. Re2 Ra3+
34. Kg2 c3 35. Rc2 Rxa2 36. Rxa2 b3 37. Ra8+ Kg7 38. Ra7+ Kf6 39. Bxb5 b2 0-1

[Event "Bundesliga 9697"]
[Site "Deutschland"]
[Date "1997.??.??"]
[Round "?.2"]
[White "Schmittdiel, Eckhard"]
[Black "Borriss, Martin"]
[Result "1-0"]
[WhiteElo "2440"]
[BlackElo "2440"]
[PlyCount "105"]
[EventDate "1996.10.??"]
[EventType "team"]
[EventRounds "15"]
[EventCountry "GER"]
[SourceTitle "Bundesliga 9697"]
[Source "DeepChess"]
[SourceDate "2005.01.01"]
[SourceVersion "1"]
[SourceVersionDate "2005.01.01"]
[SourceQuality "1"]
[WhiteTeam "SG Bochum 31"]
[BlackTeam "Dresdner SC 1898"]
[WhiteTeamCountry "GER"]
[BlackTeamCountry "GER"]

1. e4 c5 2. Nf3 d6 3. d4 cxd4 4. Nxd4 Nf6 5. Nc3 Nc6 6. Bc4 Qb6 7. Nb3 e6 8.
Be3 Qc7 9. O-O a6 10. a4 b6 11. f4 Be7 12. Be2 O-O 13. Bf3 Rb8 14. Qe2 Bb7 15.
g4 Rfe8 16. g5 Nd7 17. h4 Bf8 18. Rf2 Nb4 19. h5 e5 20. f5 d5 21. exd5 e4 22.
Bxe4 Rxe4 23. Nxe4 Nxd5 24. Bd4 Re8 25. Qg4 Ne3 26. Bxe3 Rxe4 27. Bf4 Qc6 28.
Qh3 Nc5 29. Nd2 Rxa4 30. Rxa4 Nxa4 31. b3 Nc3 32. Nf1 b5 33. h6 Nd5 34. Be3
Nxe3 35. Nxe3 gxh6 36. gxh6 Qxh6 37. Qg3+ Qg7 38. Ng4 Kh8 39. f6 Qg5 40. Qf4
Qh4 41. Kf1 Qh3+ 42. Ke2 Qc3 43. Ne3 a5 44. Rh2 Bb4 45. Qb8+ Qc8 46. Qg3 Qg8
47. Qc7 Be4 48. Rh5 Bf8 49. Rxb5 h6 50. Rb8 Kh7 51. Qe5 Bg6 52. c4 Bb1 53. c5
1-0

[Event "Bundesliga 9697"]
[Site "Deutschland"]
[Date "1997.??.??"]
[Round "?.3"]
[White "Goldberg, Alexander"]
[Black "Bosch, Jeroen"]
[Result "1-0"]
[WhiteElo "2390"]
[BlackElo "2425"]
[PlyCount "113"]
[EventDate "1996.10.??"]
[EventType "team"]
[EventRounds "15"]
[EventCountry "GER"]
[SourceTitle "Bundesliga 9697"]
[Source "DeepChess"]
[SourceDate "2005.01.01"]
[SourceVersion "1"]
[SourceVersionDate "2005.01.01"]
[SourceQuality "1"]
[WhiteTeam "Dresdner SC 1898"]
[BlackTeam "SG Bochum 31"]
[WhiteTeamCountry "GER"]
[BlackTeamCountry "GER"]

1. e4 c5 2. Nf3 e6 3. d4 cxd4 4. Nxd4 Nf6 5. Nc3 Bb4 6. e5 Nd5 7. Bd2 Nxc3 8.
bxc3 Be7 9. Qg4 O-O 10. Bh6 g6 11. h4 Qa5 12. Qg3 d6 13. exd6 Bf6 14. Bd2 Nd7
15. h5 Qe5+ 16. Qxe5 Bxe5 17. hxg6 hxg6 18. Nb5 a6 19. f4 Bg7 20. Nc7 Rb8 21.
O-O-O Nf6 22. Be3 Rd8 23. Ba7 Bd7 24. Bxb8 Rxb8 25. Rh4 Ne4 26. g4 Nxc3 27. Rd3
Nxa2+ 28. Kd2 Nb4 29. Rb3 Nc6 30. Bg2 Bf8 31. Rbh3 Bxd6 32. Bxc6 Bxf4+ 33. Ke2
Bxc6 34. Rh8+ Kg7 35. R3h7+ Kf6 36. Rxb8 Bxc7 37. Rf8 Kg5 38. Rfxf7 Be5 39.
Rxb7 Kxg4 40. Rb6 Bd5 41. Kd3 Kf3 42. Rf7+ Bf4 43. c4 Be4+ 44. Kc3 e5 45. c5 g5
46. c6 Bxc6 47. Rxc6 g4 48. Re6 Ke3 49. Rxf4 Kxf4 50. Kd3 Kf3 51. Rf6+ Kg2 52.
Ke2 g3 53. Re6 Kh1 54. Rxe5 g2 55. Rh5+ Kg1 56. Rg5 a5 57. Kf3 1-0

[Event "Bundesliga 9697"]
[Site "Deutschland"]
[Date "1997.??.??"]
[Round "?.4"]
[White "Reschke, Stefan"]
[Black "Heinatz, Thomas"]
[Result "1/2-1/2"]
[WhiteElo "2390"]
[BlackElo "2380"]
[PlyCount "92"]
[EventDate "1996.10.??"]
[EventType "team"]
[EventRounds "15"]
[EventCountry "GER"]
[SourceTitle "Bundesliga 9697"]
[Source "DeepChess"]
[SourceDate "2005.01.01"]
[SourceVersion "1"]
[SourceVersionDate "2005.01.01"]
[SourceQuality "1"]
[WhiteTeam "SG Bochum 31"]
[BlackTeam "Dresdner SC 1898"]
[WhiteTeamCountry "GER"]
[BlackTeamCountry "GER"]

1. d4 d6 2. g3 Nf6 3. Bg2 g6 4. Nf3 Bg7 5. c4 O-O 6. Nc3 Nc6 7. d5 Na5 8. Nd2
c6 9. Rb1 cxd5 10. cxd5 Bf5 11. e4 Bg4 12. f3 Bd7 13. Qe2 Rc8 14. O-O b5 15.
Qe3 b4 16. Nd1 e6 17. dxe6 Bxe6 18. Qxa7 d5 19. e5 Nc6 20. Qe3 d4 21. Qe1 Nd7
22. f4 Nc5 23. Nf2 Bxa2 24. Ra1 Bd5 25. Nfe4 Ne7 26. Nxc5 Rxc5 27. Nf3 b3 28.
Rf2 Nc6 29. Qd1 Qb6 30. Bd2 Rc2 31. Be1 Qc5 32. Rd2 f6 33. exf6 Bxf6 34. h3 Rd8
35. Kh2 Be4 36. Ra3 Qd5 37. Ra4 Qb5 38. Qa1 Bd5 39. Ra8 Rxa8 40. Qxa8+ Kg7 41.
Qe8 Qb7 42. Ng5 Nd8 43. Ne4 Be7 44. Nd6 Bxd6 45. Qxd8 Bxg2 46. Qxd6 Rxd2
1/2-1/2

[Event "Bundesliga 9697"]
[Site "Deutschland"]
[Date "1997.??.??"]
[Round "?.5"]
[White "Prochnow, Mario"]
[Black "Ellers, Holger"]
[Result "1/2-1/2"]
[WhiteElo "2250"]
[BlackElo "2260"]
[PlyCount "60"]
[EventDate "1996.10.??"]
[EventType "team"]
[EventRounds "15"]
[EventCountry "GER"]
[SourceTitle "Bundesliga 9697"]
[Source "DeepChess"]
[SourceDate "2005.01.01"]
[SourceVersion "1"]
[SourceVersionDate "2005.01.01"]
[SourceQuality "1"]
[WhiteTeam "Dresdner SC 1898"]
[BlackTeam "SG Bochum 31"]
[WhiteTeamCountry "GER"]
[BlackTeamCountry "GER"]

1. d4 e6 2. c4 Bb4+ 3. Nd2 b6 4. e4 Bb7 5. Bd3 f5 6. Qe2 Nf6 7. f3 Nc6 8. Qe3
fxe4 9. fxe4 O-O 10. Ngf3 d5 11. cxd5 exd5 12. e5 Ne4 13. O-O Bxd2 14. Bxd2 h6
15. Rad1 Ne7 16. b4 Nf5 17. Qe2 c5 18. bxc5 bxc5 19. dxc5 Nxc5 20. Rb1 a5 21.
Bxf5 Rxf5 22. Qe3 d4 23. Nxd4 Qd5 24. Nf3 Ne4 25. Rb2 Ng5 26. Qb3 Qxb3 27. Rxb3
Bd5 28. Re3 Nxf3+ 29. gxf3 Bxa2 30. Ra1 Bd5 1/2-1/2

[Event "Bundesliga 9697"]
[Site "Deutschland"]
[Date "1997.??.??"]
[Round "?.6"]
[White "Buenermann, Volker"]
[Black "Wichmann, Cliff"]
[Result "1/2-1/2"]
[WhiteElo "2350"]
[BlackElo "2225"]
[PlyCount "75"]
[EventDate "1996.10.??"]
[EventType "team"]
[EventRounds "15"]
[EventCountry "GER"]
[SourceTitle "Bundesliga 9697"]
[Source "DeepChess"]
[SourceDate "2005.01.01"]
[SourceVersion "1"]
[SourceVersionDate "2005.01.01"]
[SourceQuality "1"]
[WhiteTeam "SG Bochum 31"]
[BlackTeam "Dresdner SC 1898"]
[WhiteTeamCountry "GER"]
[BlackTeamCountry "GER"]

1. e4 e6 2. d4 d5 3. Nc3 Nf6 4. e5 Nfd7 5. f4 c5 6. Nf3 Nc6 7. Be3 a6 8. Qd2 b5
9. dxc5 Bxc5 10. Bxc5 Nxc5 11. Qf2 Qb6 12. Bd3 Rb8 13. O-O Na4 14. Nxa4 bxa4
15. b3 Qxf2+ 16. Kxf2 O-O 17. g3 Nb4 18. Nd4 Bd7 19. Ke3 Rfc8 20. Rfc1 Rc7 21.
c4 Rbc8 22. Be2 dxc4 23. bxc4 Nd5+ 24. Kd2 Nb6 25. Rab1 Nxc4+ 26. Bxc4 Rxc4 27.
Rxc4 Rxc4 28. Rb8+ Bc8 29. Kd3 Rc7 30. Rb4 Bb7 31. a3 Kf8 32. Rc4 Be4+ 33. Kc3
Rb7 34. Rxa4 Bd5 35. Rxa6 Rc7+ 36. Kd2 Rb7 37. Kc3 Rc7+ 38. Kd2 1/2-1/2

[Event "Bundesliga 9697"]
[Site "Deutschland"]
[Date "1997.??.??"]
[Round "?.7"]
[White "Roos, Michael"]
[Black "De Gleria, Francesco"]
[Result "0-1"]
[WhiteElo "2107"]
[BlackElo "2265"]
[PlyCount "74"]
[EventDate "1996.10.??"]
[EventType "team"]
[EventRounds "15"]
[EventCountry "GER"]
[SourceTitle "Bundesliga 9697"]
[Source "DeepChess"]
[SourceDate "2005.01.01"]
[SourceVersion "1"]
[SourceVersionDate "2005.01.01"]
[SourceQuality "1"]
[WhiteTeam "Dresdner SC 1898"]
[BlackTeam "SG Bochum 31"]
[WhiteTeamCountry "GER"]
[BlackTeamCountry "GER"]

1. d4 Nf6 2. c4 g6 3. f3 Bg7 4. e4 d6 5. Be3 O-O 6. Ne2 c5 7. Qd2 Nc6 8. d5 Ne5
9. Nec3 e6 10. Be2 exd5 11. cxd5 Ne8 12. O-O f5 13. f4 Nf7 14. Na3 fxe4 15.
Nxe4 a6 16. Rac1 Qe7 17. Bf3 Bf5 18. Nc3 b5 19. Nc2 b4 20. Nd1 Nc7 21. Re1 Qd7
22. Rb1 Rfe8 23. Re2 Re7 24. Bf2 Rxe2 25. Bxe2 a5 26. Nde3 Be4 27. Bd3 Re8 28.
Bxe4 Rxe4 29. g3 g5 30. Qd3 Re8 31. f5 Ne5 32. Qe2 Qb5 33. Qxb5 Nxb5 34. Kg2 a4
35. Re1 Nd3 36. Rf1 b3 37. axb3 axb3 0-1

[Event "Bundesliga 9697"]
[Site "Deutschland"]
[Date "1997.??.??"]
[Round "?.8"]
[White "Boehle, Lars"]
[Black "Karius, Thomas"]
[Result "1/2-1/2"]
[WhiteElo "2285"]
[BlackElo "2113"]
[PlyCount "79"]
[EventDate "1996.10.??"]
[EventType "team"]
[EventRounds "15"]
[EventCountry "GER"]
[SourceTitle "Bundesliga 9697"]
[Source "DeepChess"]
[SourceDate "2005.01.01"]
[SourceVersion "1"]
[SourceVersionDate "2005.01.01"]
[SourceQuality "1"]
[WhiteTeam "SG Bochum 31"]
[BlackTeam "Dresdner SC 1898"]
[WhiteTeamCountry "GER"]
[BlackTeamCountry "GER"]

1. d4 Nf6 2. c4 g6 3. Nc3 d5 4. cxd5 Nxd5 5. e4 Nxc3 6. bxc3 Bg7 7. Bc4 c5 8.
Ne2 Nc6 9. Be3 O-O 10. O-O Qc7 11. Rc1 Rd8 12. d5 Na5 13. Bd3 b6 14. Qd2 e6 15.
c4 Ba6 16. Bh6 Bxh6 17. Qxh6 exd5 18. exd5 Qe5 19. Ng3 Re8 20. h4 Qg7 21. Qg5
h6 22. Qf4 Qd4 23. Qxd4 cxd4 24. Ne2 Rac8 25. Nxd4 Bxc4 26. Bxc4 Rxc4 27. Rxc4
Nxc4 28. Rc1 Nd6 29. Rc6 Re1+ 30. Kh2 Rd1 31. Rxd6 Rxd4 32. Kg3 h5 33. Rd7 Kf8
34. Rxa7 Rxd5 35. Rb7 Rb5 36. Kf3 Rb2 37. g3 Rxa2 38. Rxb6 Kg7 39. Rb7 Kf6 40.
Rb6+ 1/2-1/2

[Event "Bundesliga 9697"]
[Site "Deutschland"]
[Date "1997.??.??"]
[Round "?.1"]
[White "Lutz, Christopher"]
[Black "Almasi, Zoltan"]
[Result "1/2-1/2"]
[WhiteElo "2555"]
[BlackElo "2595"]
[PlyCount "63"]
[EventDate "1996.10.??"]
[EventType "team"]
[EventRounds "15"]
[EventCountry "GER"]
[SourceTitle "Bundesliga 9697"]
[Source "DeepChess"]
[SourceDate "2005.01.01"]
[SourceVersion "1"]
[SourceVersionDate "2005.01.01"]
[SourceQuality "1"]
[WhiteTeam "SG Porz e.V."]
[BlackTeam "Dresdner SC 1898"]
[WhiteTeamCountry "GER"]
[BlackTeamCountry "GER"]

1. e4 e5 2. Nf3 Nc6 3. Bb5 a6 4. Ba4 Nf6 5. O-O Be7 6. Re1 b5 7. Bb3 O-O 8. a4
Bb7 9. d3 d6 10. Nbd2 b4 11. a5 Rb8 12. Bc4 h6 13. Nf1 Re8 14. Ne3 Bf8 15. Bd2
Qd7 16. Nh4 Kh8 17. c3 bxc3 18. bxc3 Nd8 19. Qf3 Ne6 20. Nd5 Ng8 21. Rab1 g6
22. Be3 c6 23. Nb6 Qe7 24. Qg3 Nf6 25. Nf3 d5 26. Bb3 Nh5 27. Qh4 Qxh4 28. Nxh4
Nf6 29. Bc2 Bd6 30. Nf3 Red8 31. h3 Bc7 32. Bd2 1/2-1/2

[Event "Bundesliga 9697"]
[Site "Deutschland"]
[Date "1997.??.??"]
[Round "?.2"]
[White "Bologan, Viktor"]
[Black "Huebner, Robert"]
[Result "0-1"]
[WhiteElo "2575"]
[BlackElo "2600"]
[PlyCount "98"]
[EventDate "1996.10.??"]
[EventType "team"]
[EventRounds "15"]
[EventCountry "GER"]
[SourceTitle "Bundesliga 9697"]
[Source "DeepChess"]
[SourceDate "2005.01.01"]
[SourceVersion "1"]
[SourceVersionDate "2005.01.01"]
[SourceQuality "1"]
[WhiteTeam "Dresdner SC 1898"]
[BlackTeam "SG Porz e.V."]
[WhiteTeamCountry "GER"]
[BlackTeamCountry "GER"]

1. e4 e6 2. d3 c5 3. g3 Nc6 4. Bg2 g6 5. Nf3 Bg7 6. O-O Nge7 7. Nc3 O-O 8. Be3
Nd4 9. Qd2 d6 10. Bh6 e5 11. Bxg7 Kxg7 12. Nh4 Be6 13. f4 exf4 14. gxf4 f5 15.
Rae1 Qd7 16. Nd1 d5 17. e5 Ndc6 18. c3 d4 19. c4 Rab8 20. Nf3 b5 21. b3 a5 22.
Ng5 Bg8 23. Nb2 h6 24. Nf3 Nb4 25. e6 Qc7 26. Ne5 Bxe6 27. a3 bxc4 28. bxc4 Na6
29. Nc6 Nxc6 30. Rxe6 Rf6 31. Re2 Qd6 32. Rfe1 Nc7 33. Na4 Re6 34. Bxc6 Qxc6
35. Qxa5 Rxe2 36. Rxe2 Rb1+ 37. Kf2 Ne6 38. Qa7+ Kf6 39. Qh7 Qxa4 40. Qh8+ Kf7
41. h4 h5 42. Rxe6 Kxe6 43. Qg8+ Ke7 44. Qg7+ Kd8 45. Qf6+ Kc7 46. Qe5+ Kb7 47.
Qe7+ Ka8 48. Qd8+ Rb8 49. Qd5+ Rb7 0-1